Best Countries in the World - Statistics

General Stats
  • This quiz has been taken 89 times
  • The average score is 17 of 20
Answer Stats
Rank Answer % Correct
5 United States
97%
2 Canada
95%
12 France
92%
4 Australia
91%
15 Italy
91%
17 Spain
90%
3 Sweden
90%
14 Finland
88%
9 United Kingdom
88%
7 Germany
87%
6 Japan
87%
11 Norway
87%
8 New Zealand
85%
1 Switzerland
85%
13 Denmark
82%
10 Netherlands
77%
18 Belgium
74%
20 China
64%
16 Singapore
60%
19 United Arab Emirates
55%
No matching quizzes found
Score Distribution
Percent of People with Each Score
Percentile by Number Answered
Your Score History
You have not taken this quiz